000 01162nam0a22002891 4500
001 rc\2266783
005 20110829184020.8
035 _a(NLR Aleph) 006715922
090 _a5392255
_c5392255
100 _a20110829d1978 |||y0rusy50 ca
101 0 _arus
102 _aRU
105 _aa z |||||
200 1 _aПтицеводство на промышленной основе
_eИз опыт работы куйбышев. треста "Птицепром"
_fВ.Д. Часовский, Н.И. Феоктистова, В.В. Сидоров, Н.С. Андриянов
210 _aКуйбышев
_cКн. изд-во
_d1978
215 _a72 с.
_cил.
_d16
606 _aПтицефабрики
_xОрганизация производства
_yКуйбышевская область
_2psbo
701 1 _aСидоров
_bВ. В.
701 1 _aАндриянов
_bН. С.
701 1 _aФеоктистова
_bН. И.
701 1 _aЧасовский
_bВ. Д.
_gВладилен Дмитриевич
801 0 _aRU
_bNLR
_gpsbo
801 1 _aRU
_bELAR
_2rusmarc
852 _aNLR
_j78-2/3146
899 _aRuMoRGB
_jM 78-10/395
942 _cBOOK
980 _aNB